| 000 | 00689aam a2200253 4500 | ||
|---|---|---|---|
| 005 | 20240430144207.0 | ||
| 008 | 150713b xxu||||| |||| 00| 0 spa d | ||
| 020 | _a9977676437 | ||
| 041 | _aESP | ||
| 082 | _a726.509.728.6 S228a | ||
| 100 | _aSanou Alfaro, Ofelia María | ||
| 245 | _aArquitectura e historia en Costa Rica: templos parroquiales en el Valle Central, Grecia, San Ramón y Palmares | ||
| 260 | _aCosta Rica | ||
| 260 | _bEUCR | ||
| 260 | _c2001 | ||
| 300 | _a296 páginas | ||
| 650 | _aARQUITECTURA COSTARRICENSE | ||
| 650 | _aIGLESIAS CATÓLICAS | ||
| 650 | _aSAN RAMÓN | ||
| 650 | _aGRECIA | ||
| 650 | _aPALMARES | ||
| 942 |
_cBK _2ddc |
||
| 999 |
_c1691 _d1691 |
||